Návrh modelu syntézy amoniaku v prostredí Aspen Plus za účelom identifikácie nebezpečenstva

Uložené v:
Podrobná bibliografia
Hlavný autor: Poláková, Nikola (Autor)
Ďalší autori: Jelemenský, Ľudovít (Vedúci práce)
Médium: Rukopis Kniha
Jazyk:Slovak
Vydavateľské údaje: 2023
Predmet:
On-line prístup:http://is.stuba.sk/zp/portal_zp.pl?podrobnosti=169516
Tagy: Pridať tag
Žiadne tagy, Buďte prvý, kto otaguje tento záznam!

MARC

LEADER 00000ntm a22000003a 4500
001 stuzp93150
003 SK-STU
005 20230909214141.3
007 ta
008 150427s2015----xo-----f-mn---000-0-slo-d
040 |a STU  |b slo 
041 0 |a slo 
100 1 |a Poláková, Nikola  |u 046230  |4 aut  |U FCHPT Ústav chemického a environmentálneho inžinierstva  |T FCHPT Oddelenie chemického a biochemického inžinierstva  |X 97307  |U C6230  |Y 119  |7 97307 
242 0 1 |a Design of the Ammonia Synthesis Model in the Aspen Plus Environment for the Purpose of Hazard Identification  |y eng 
245 1 0 |a Návrh modelu syntézy amoniaku v prostredí Aspen Plus za účelom identifikácie nebezpečenstva 
260 |c 2023 
650 4 |a amoniak  |2 slo 
650 4 |a dynamická simulácia  |2 slo 
650 4 |a inherentná bezpečnosť  |2 slo 
650 4 |a HAZOP  |2 slo 
650 4 |a ammonia  |2 eng 
650 4 |a dynamic simulation  |2 eng 
650 4 |a inherent safety  |2 eng 
650 4 |a HAZOP  |2 eng 
700 1 |a Jelemenský, Ľudovít  |u 046230  |k Z1  |4 ths  |U FCHPT Ústav chemického a environmentálneho inžinierstva  |T FCHPT Oddelenie chemického a biochemického inžinierstva  |X 3893  |U C6230  |Y 119  |7 A000003893 
856 4 |u http://is.stuba.sk/zp/portal_zp.pl?podrobnosti=169516